Statistics for Capitals of Persian Gulf Countries

Click here to take the quiz!

General Stats

  • This quiz has been taken 77 times
  • The average score is 7 of 8

Answer Stats

Countrycapital% Correct
IranTehran
97%
IraqBaghdad
97%
QatarDoha
94%
United Arab EmiratesAbu Dhabi
94%
KuwaitKuwait City
93%
Saudi ArabiaRiyadh
90%
BahrainManama
82%
OmanMuscat
82%

Score Distribution

Percentile by Number Answered

Percent of People with Each Score

Your Score History

You have not taken this quiz